| 000 | 00358nam a22001457a 4500 | ||
|---|---|---|---|
| 008 | 250422b ||||| |||| 00| 0 eng d | ||
| 020 | _a9780691033679 | ||
| 041 | _aeng | ||
| 080 |
_21947 _a101WIL |
||
| 082 |
_2101WIL _a101WIL |
||
| 100 | _a42 | ||
| 101 | _aFILOZOFI | ||
| 245 |
_aFORCE AND GEOMETRY IN NEWTON S PRINCIPIA _cCURTIS WILSON |
||
| 942 |
_2udc _cBK |
||
| 999 |
_c60672 _d60672 |
||